| 000 | 004070000a22001570004500 | ||
|---|---|---|---|
| 090 |
_aAR _b00818 |
||
| 245 | 1 | 0 | _aClaves para las familias de serpientes |
| 650 | 1 | 4 |
_aTaxonomía animal _98245 |
| 650 | 1 | 4 |
_aZoogeografía _993082 |
| 650 | 1 | 4 |
_aOfidios _98025 |
| 651 | 4 |
_pVenezuela _992749 |
|
| 041 | 0 | _aEspañol | |
| 100 | 1 |
_aHoffman, Forrest M. _992960 |
|
| 942 | _cARTICULO | ||
| 773 | 1 |
_tPreprint _33 _q1-5 _d1990? |
|
| 999 |
_c9907 _d9907 |
||